<?xml version="1.0" encoding="UTF-8"?>
<record
    xmlns:xsi="http://www.w3.org/2001/XMLSchema-instance"
    xsi:schemaLocation="http://www.loc.gov/MARC21/slim http://www.loc.gov/standards/marcxml/schema/MARC21slim.xsd"
    xmlns="http://www.loc.gov/MARC21/slim">

  <leader>00834cam a2200301 a 4500</leader>
  <datafield tag="999" ind1=" " ind2=" ">
    <subfield code="c">23930</subfield>
    <subfield code="d">23930</subfield>
  </datafield>
  <controlfield tag="001">vtls001075280</controlfield>
  <controlfield tag="005">20250926082435.0</controlfield>
  <controlfield tag="008">160414s1994    xo     f      00000 slo  </controlfield>
  <datafield tag="020" ind1=" " ind2=" ">
    <subfield code="a">8085658054</subfield>
  </datafield>
  <datafield tag="035" ind1=" " ind2=" ">
    <subfield code="a">SNK000018112</subfield>
  </datafield>
  <datafield tag="040" ind1=" " ind2=" ">
    <subfield code="a">SNK</subfield>
    <subfield code="b">slo</subfield>
    <subfield code="c">SNK</subfield>
    <subfield code="e">AACR2</subfield>
  </datafield>
  <datafield tag="041" ind1="0" ind2=" ">
    <subfield code="a">slo</subfield>
  </datafield>
  <datafield tag="044" ind1=" " ind2=" ">
    <subfield code="a">xo</subfield>
    <subfield code="c">SK</subfield>
  </datafield>
  <datafield tag="080" ind1=" " ind2=" ">
    <subfield code="a">37.018:26</subfield>
    <subfield code="2">1981</subfield>
  </datafield>
  <datafield tag="080" ind1=" " ind2=" ">
    <subfield code="a">26</subfield>
    <subfield code="2">1981</subfield>
  </datafield>
  <datafield tag="100" ind1="1" ind2=" ">
    <subfield code="a">Dubois, Jean,</subfield>
    <subfield code="d">1921-2006</subfield>
    <subfield code="4">aut</subfield>
    <subfield code="9">4834</subfield>
  </datafield>
  <datafield tag="245" ind1="1" ind2="0">
    <subfield code="a">O v&#xFD;chove</subfield>
    <subfield code="c">Jean Dubois</subfield>
  </datafield>
  <datafield tag="250" ind1=" " ind2=" ">
    <subfield code="a">1. vyd.</subfield>
  </datafield>
  <datafield tag="260" ind1=" " ind2=" ">
    <subfield code="a">Nitra</subfield>
    <subfield code="b">Rodina</subfield>
    <subfield code="c">1994</subfield>
    <subfield code="e">Bratislava</subfield>
    <subfield code="f">Weltprint Charlie</subfield>
  </datafield>
  <datafield tag="300" ind1=" " ind2=" ">
    <subfield code="a">123 s.</subfield>
    <subfield code="b">fotogr.</subfield>
    <subfield code="c">21 cm</subfield>
  </datafield>
  <datafield tag="490" ind1="0" ind2=" ">
    <subfield code="a">Pro Veritate</subfield>
  </datafield>
  <datafield tag="650" ind1="0" ind2="7">
    <subfield code="a">kres&#x165;ansk&#xE1; v&#xFD;chova</subfield>
    <subfield code="2">SNKPH</subfield>
    <subfield code="9">4835</subfield>
  </datafield>
  <datafield tag="650" ind1="0" ind2="7">
    <subfield code="a">pedagogika</subfield>
    <subfield code="2">SNKPH</subfield>
    <subfield code="9">4836</subfield>
  </datafield>
  <datafield tag="655" ind1=" " ind2="7">
    <subfield code="a">pr&#xED;ru&#x10D;ky</subfield>
    <subfield code="2">SNKPH</subfield>
    <subfield code="9">1541</subfield>
  </datafield>
  <datafield tag="958" ind1=" " ind2=" ">
    <subfield code="a">APR</subfield>
  </datafield>
  <datafield tag="958" ind1=" " ind2=" ">
    <subfield code="a">TL</subfield>
  </datafield>
  <datafield tag="952" ind1=" " ind2=" ">
    <subfield code="0">0</subfield>
    <subfield code="1">0</subfield>
    <subfield code="2">udc</subfield>
    <subfield code="4">0</subfield>
    <subfield code="7">0</subfield>
    <subfield code="8">D</subfield>
    <subfield code="a">10000</subfield>
    <subfield code="b">10000</subfield>
    <subfield code="d">2025-09-26</subfield>
    <subfield code="i">22186</subfield>
    <subfield code="o">S1584</subfield>
    <subfield code="p">S1584</subfield>
    <subfield code="r">2025-09-26</subfield>
    <subfield code="w">2025-09-26</subfield>
    <subfield code="y">OLDO</subfield>
  </datafield>
</record>
